| 000 | 01176nam a2200265 i 4500 | ||
|---|---|---|---|
| 001 | bg | ||
| 245 | 0 | 0 |
_aWarunki działania małych i średnich przedsiębiorstw wobec przystąpienia Polski do Unii Europejskiej = _bFunctioning of the small and medium enterprises in Poland in the context of joining the European Union / _cred. nauk. Daniel Fic ; Uniwersytet Zielonogórski. |
| 260 |
_aZielona Góra : _bUZ ; _aNowa Ruda : _b"Maria", _c2002. |
||
| 300 |
_a132 s. : _bil. ; _c24 cm. |
||
| 500 | _aTyt. okł.: Warunki działania małych i średnich przedsiębiorstw wobec przystąpienia do Unii Europejskiej. - Streszcz. ang. przy pracach. | ||
| 504 | _aBibliogr. przy pracach. | ||
| 610 | 2 | 9 |
_aUnia Europejska _xa Polska _xgospodarka |
| 650 | 9 |
_aPrzedsiębiorstwa małe i średnie _zPolska _yod 1989 r. |
|
| 651 | 9 |
_aPolska _xa Unia Europejska _xgospodarka |
|
| 655 | _aSzkice literackie | ||
| 700 | 1 |
_aFIC, Daniel. _eRed. |
|
| 710 | 0 | _aUniwersytet Zielonogórski | |
| 020 | _a8388842226 | ||
| 040 | _cBPK | ||
| 041 | 0 |
_apol _beng |
|
| 080 | _a658.114(438):339.92(4-67)]"1989/..." | ||
| 920 | _a83-88842-22-6 | ||
| 942 | _cKS | ||
| 008 | s pl f |000 0 pol | ||
| 999 |
_c43942 _d43942 |
||
| 856 |
_uhttp://koha.tu.koszalin.pl/cgi-bin/koha/opac-detail.pl?biblionumber=43942 _yKatalog online BPK |
||